| Поле | Инд. | ПП | Название | Значение |
|---|---|---|---|---|
| Тип записи | a | |||
| Библиографический уровень | s | |||
| 001 | Контрольный номер | 3dfc833def424bd3823c5f334899b56e | ||
| 005 | Дата корректировки | 20230110135559.5 | ||
| 011 | a | ISSN | 2071-1166 | |
| 200 | 1_ | a | Заглавие | Административное право и процесс |
| 200 | 1_ | b | Общее обозначение материала | Текст |
| e | Сведения, относящиеся к заглавию | научно-практический журнал | ||
| 203 | c | Тип средства | непосредственный | |
| 210 | 1_ | d | Дата издания | 2021 |
| a | Место издания | Москва | ||
| c | Издательство | ООО Издательская группа Юрист | ||
| 318 | a | Действие | (Дата размещения 11.01.2021) | |
| 326 | a | Примечания о периодичности (серийного издания) | Ежемес. | |
| 330 | a | Аннотация | Журнал публикует комментарии законодательства, административный процесс, судебно-административная практика, актуальные проблемы административного права, административно-правовые формы и методы деятельности органов исполнительной власти, административно-правовая организация управления экономикой, социально-культурной и административно-политической сферами. | |
| 801 | _0 | a | Страна | RU |
| b | Организация | КФ РГУП | ||
| c | Дата составления | 20210111 | ||
| g | Правила каталогизации | PSBO | ||
| 801 | _1 | a | Страна | RU |
| b | Организация | КФ РГУП | ||
| c | Дата составления | 20210111 | ||
| g | Правила каталогизации | PSBO | ||
| 901 | t | Тип документа | u | |
| 905 | a | Дата ввода | 20230110 |